| 000 | 00000nas##2200000za#4500 |
| 001 | 9.504709 |
| 003 | CaOODSP |
| 005 | 20200813121811 |
| 007 | cr ||||||||||| |
| 008 | 150406c2003||||xxc|| m o||||f| |0eng|d |
| 022 | |a1707-1739 |
| 040 | |aCaOODSP|beng |
| 043 | |an-cn--- |
| 086 | 1 |aCS13-604E-PDF |
| 245 | 00|aIncome and expenditure accounts technical series / |h[electronic resource]|c[Issued by the] Income and Expenditure Accounts Division. |
| 260 | |aOttawa - Ontario : |bStatistics Canada |c2003--. |
| 310 | |aIrregular |
| 362 | 1 |aNo. 37 (2002)-- |
| 520 | 3 |aProvide background information as well as in depth analysis on data reported in any of the following accounts: income and expenditure accounts, provincial economic accounts, financial flow accounts, national balance sheet accounts, estimates of labour income, and national tourism indicators. |
| 710 | 2 |aStatistics Canada. |
| 775 | 08|tComptes des revenus et dépenses - série technique / |w(CaOODSP)9.501122 |
| 776 | 0#|tIncome and expenditure accounts technical series / |w(CaOODSP)9.511156 |
| 776 | 0#|tComptes des revenus et dépenses série technique / |w(CaOODSP)9.511157 |
| 776 | 0#|tIncome and expenditure accounts technical series / |w(CaOODSP)9.515120 |
| 780 | 00|tIncome and expenditure accounts technical series |w(CaOODSP)9.500201 |